000 01774nam0a2200349 i 4500
001 RU\NLR\BIBL_A\010550770
005 20241102010355.0
010 _a9785769213779
_91000
021 _aRU
_b2014-72600
_94492
035 _a(NILC)RuMoRGB-007559419
035 _a(NLR Aleph) 010550770
090 _a10336634
_c10336634
100 _a20141202d2014 k y0rusy50 ca
101 0 _arus
102 _aRU
105 _aa|||z|||000yy
200 1 _aАрхитектурно-строительные конструкции и детали жилых зданий
_eучебное пособие для студентов обучающихся по направлению 270100 "Строительство"
_fЮ. К. Осипов, О. В. Матехина, А. П. Семин
210 _aНовосибирск
_cИзд-во Сибирского отд-ния Российской акад. наук
_d2014
215 _a404 с.
_cил.
_d21
320 _aБиблиогр.: с. 402-404 (38 назв.)
606 1 _aЖилые дома
_jУчебные издания для высших учебных заведений
_xПланировка и строительство
_9999310
_3RU\NLR\AUTH\66378723
606 _aЖилые дома
_jУчебные издания для высших учебных заведений
_xДетали
_91114579
_3RU\NLR\AUTH\66440704
686 1 _aН711-04я73-1
686 1 _aЩ117.11я73
700 1 _aОсипов
_bЮ. К.
_gЮрий Константинович
701 1 _aМатехина
_bО. В.
_gОльга Владимировна
701 1 _aСемин
_bА. П.
_gАлександр Петрович
801 0 _aRU
_bРГБ
_c20140930
_gRCR
942 _cBOOK
980 _aNBR